| 000 | 00947nam a2200265 a 4500 | ||
|---|---|---|---|
| 001 | 000034895 | ||
| 005 | 20200930073954.0 | ||
| 008 | 111021s1978 sp 000 f spa d | ||
| 020 | _a8425309913 | ||
| 040 |
_aDO-SdBNP _bspa _cBNPHU |
||
| 082 |
_a813.5 _bC147g |
||
| 100 | 1 |
_aCaldwell, Taylor, _d1900-1985 _911077 |
|
| 240 | 1 | 0 |
_aGlory and the lightning _lespañol |
| 245 | 1 | 0 |
_aGloria y esplendor / _cTaylor Caldwell ; [traducción Amparo García Burgos]. |
| 260 |
_aBarcelona : _bGrijalbo, _c1978. |
||
| 300 |
_a718 p. ; _c19 cm. |
||
| 490 | 1 |
_aEdibolsillo Grijalbo _v186 |
|
| 500 | _aTraducido del inglés. | ||
| 590 | _aPerteneció a la biblioteca personal de Juan Isidro Jimenes Grullón | ||
| 650 | 4 |
_aNovela norteamericana _93226 |
|
| 650 | 4 |
_aLiteratura norteamericana _93227 |
|
| 700 | 1 | 2 |
_aGarcía Burgos, Amparo, _d1925-2011 _etr. _960455 |
| 830 | 0 |
_aEdibolsillo Grijalbo _v186 _960456 |
|
| 910 | _aValidado. Control de calidad BNPHU | ||
| 999 |
_c34386 _d34386 |
||